Adages II Quiz Stats

 Plays Quiz Updated Dec 1, 2017

Score 0/24 Timer 05:00
5 Plays Today
Adage Answer % Correct
What goes up...must come down
98.3%
An apple a day...keeps the doctor away
98.3%
The grass is always greener...on the other side of the fence
96.2%
Where there's a will...there's a way
95.8%
Curiosity killed...the cat
95.4%
Keep your friends close and...your enemies closer
93.7%
Fool me once, shame on you. Fool me twice...shame on me
92.2%
There is no use crying over...spilt milk
91.7%
Beggars cannot...be choosers
90.6%
Blood is thicker...than water
89.7%
Beauty is only...skin-deep (but ugly goes right to the bone)
87.6%
When in Rome, do...as the Romans do
86.1%
Adage Answer % Correct
A friend in need is...a friend indeed
81.3%
Don't leave for tomorrow what...you can do today
80.8%
A watched pot...never boils
78.5%
Revenge is a dish...best served cold
75.1%
All that glitters...is not gold
70.4%
There is more than one way to...skin a cat
64.1%
Don't throw the baby out...with the bathwater
52.9%
Why pay for the cow when you can...get the milk for free
52.8%
Loose lips...sink ships
51%
Cut off your nose to...spite your face
50.2%
Spare the rod and...spoil the child
46.2%
You cannot make a silk purse out of...a sow's ear
31.2%

You're not logged in!

Compare scores with friends on all Sporcle quizzes.
OR
Log In

Sporcle TV

Today on Sporcle TV


Watch our educational content, quiz creation guides, and fun videos on Sporcle TV.

Show Comments

Extras

Top Quizzes Today


Score Distribution

Your Account Isn't Verified!

In order to create a playlist on Sporcle, you need to verify the email address you used during registration. Go to your Sporcle Settings to finish the process.

Report this User

Report this user for behavior that violates our Community Guidelines.

Details: